• 首页
  • 本馆介绍
  • 公告通知
  • 最新文献
  • 馆藏检索
  • 电子资源
  • 读者导购
  • 参考咨询
  • 我的图书馆
  • 登录
  • 详细信息显示
  • 放入我的书架
  • 预约/预借图书
  • 作者相关作品
  • 分类相关作品
  • 丛书相关作品
  • 出版社相关作品

书目信息

  • 表格格式
  • 工作单格式
  • 卡片格式
题名:
区域经济学
    
 
作者: 高洪深 编著
分册:  
出版信息: 北京   中国人民大学出版社  2014
页数: 274页
开本: 26cm
丛书名:
单 册:
中图分类: F061.5
科图分类:
主题词: 区域经济学--教材 , 区域经济学
电子资源:
ISBN: 978-7-300-18241-4
000 01047nam0 2200289 450
001 523
005 20140908150918.43
010    @a978-7-300-18241-4@dCNY33.00
100    @a20140122d2014 em y0chiy50 ea
101 0  @achi
102    @aCN@b110000
105    @ay z 000yy
106    @ar
200 1  @a区域经济学@AQu Yu Jing Ji Xue@f高洪深编著@FGao Hong Shen Bian Zhu
205    @a4版
210    @a北京@c中国人民大学出版社@d2014
215    @a274页@d26cm
300    @a21世纪经济学系列教材/杜厚文、林岗主编
312    @a封面英文题名:Regional economics
330    @a本书分十二章,第1-2章介绍区域经济学的研究内容、新区域经济观和区域经济学的基本概念;第3-5章论述国际区域经济一体化、特区经济、城市区域经济等;第6-11章分别阐述区域经济学理论、区域经济发展梯度理论等;第12章介绍国外区域经济案例。
510 1  @aRegional economics@zeng
606 0  @a区域经济学@j教材
606 0  @a区域经济学
690    @aF061.5@v5
701  0 @a高洪深@AGao Hong Shen@f(1942~)@4编著
801  0 @aCN@bTANGWEI@c20140603
905    @b0841001-03@dF061.5@e119=4@f3
    
    区域经济学/高洪深编著.-4版.-北京:中国人民大学出版社,2014
    274页;26cm
    21世纪经济学系列教材/杜厚文、林岗主编
    
    ISBN 978-7-300-18241-4:CNY33.00
    本书分十二章,第1-2章介绍区域经济学的研究内容、新区域经济观和区域经济学的基本概念;第3-5章论述国际区域经济一体化、特区经济、城市区域经济等;第6-11章分别阐述区域经济学理论、区域经济发展梯度理论等;第12章介绍国外区域经济案例。
●
相关链接 在E读中查询图书 在五车中查询图书 在当当中查询图书 在豆瓣中查询图书


正题名:区域经济学     索取号:F061.5/119=4         预约/预借

序号 登录号 条形码 馆藏地/架位号 状态 备注
1 0841001   208410012   第一样本阅览室/ [索取号:F061.5/119=4] 在馆    
2 0841002   208410021   第一借阅区/ [索取号:F061.5/119=4] 在馆    
3 0841003   208410030   密集书库-海洋学院/ [索取号:F061.5/119=4] 在馆    
唐山师范学院图书馆 欢迎您!
大连网信软件有限公司© 版权所有